000 00670nam a2200229 a 4500
001 19859
003 CO-ViMGA
008 141112s2004 ck r 000 u spa d
020 _a9506412529
040 _aCO-ViMGA
_bspa
_cCO-ViMGA
082 0 4 _a364.153 I573a
100 1 _aIntebi, Irene V.
_928807
245 1 0 _aAbuso sexual infantil en las mejores familias
260 _aBarcelona :
_bGranica,
_c1998
300 _a329 p.
590 _aForma de adquisición : Premio Mincultura
650 1 4 _aABUSO SEXUAL - NIÑOS
_926709
650 1 4 _aABUSO SEXUAL DE MENORES
_912432
650 1 4 _aMALTRATO INFANTIL
_93203
650 1 4 _aVIOLENCIA FAMILIAR
_97876
942 _2ddc
_cBK
999 _c28986
_d28986